[Event "Chess.com RCC Winners"]
[Site "chess.com INT"]
[Date "2022.08.20"]
[Round "4.2"]
[White "Nepomniachtchi,I"]
[Black "Nakamura,Hi"]
[Result "1-0"]
[WhiteElo "2792"]
[BlackElo "2768"]

1.d4 Nf6 2.c4 e6 3.Nf3 d5 4.g3 Be7 5.Bg2 O-O 6.O-O dxc4 7.Qa4 b6 8.Ne5 Qxd4
9.Bxa8 Qxe5 10.Bf3 Ba6 11.Nc3 g5 12.Be3 Nd5 13.Nxd5 exd5 14.Rad1 c6 15.h4 h6
16.hxg5 hxg5 17.Kg2 Qf5 18.g4 Qg6 19.Rh1 Bf6 20.Rh5 Re8 21.Rdh1 d4 22.Bxg5 Re5
23.Bf4 b5 24.Qa5 Rxh5 25.Rxh5 Bc8  1-0

[Event "Chess.com RCC Winners"]
[Site "chess.com INT"]
[Date "2022.08.20"]
[Round "4.1"]
[White "Nakamura,Hi"]
[Black "Nepomniachtchi,I"]
[Result "1-0"]
[WhiteElo "2768"]
[BlackElo "2792"]

1.Nf3 d5 2.e3 c5 3.d4 Nc6 4.dxc5 e6 5.a3 a5 6.b3 Bxc5 7.Bb2 Nf6 8.Bd3 O-O
9.O-O Qe7 10.Bb5 Na7 11.Be2 Nc6 12.Nc3 Rd8 13.Na4 Ba7 14.Bb5 Ne4 15.c4 dxc4
16.Qc2 Nd6 17.bxc4 Bd7 18.Rfd1 Rac8 19.Qb3 Be8 20.Rd3 Ne4 21.Rad1 Rxd3 22.Rxd3 Rd8
23.h4 h6 24.Qc2 Nd6 25.Qd1 f6 26.Nc3 Bh5 27.Bxc6 bxc6 28.Ne4 Nf7 29.Rxd8+ Qxd8
30.Qxd8+ Nxd8 31.Bd4 Bxf3 32.gxf3 Bxd4 33.exd4 Nb7 34.f4 f5 35.Nd2 c5 36.Nb3 cxd4
37.c5 d3 38.c6 Nd6 39.Kf1 Kf7 40.Nxa5 Ke7 41.Ke1 Ne4 42.Nc4 Kd8 43.f3 Nf6
44.Ne5 Kc7 45.Kd2 Nh5 46.Ng6 Kxc6 47.Kxd3 Kc5 48.a4 Nf6 49.Nf8 Kd6 50.Kc4 Nd5
51.Ng6 Kc6 52.a5 Nc7 53.Ne5+ Kd6 54.Nd3 h5 55.Nb4 e5 56.fxe5+ Kxe5 57.Kc5 Kf4
58.Nd5+ Nxd5 59.Kxd5 g5 60.a6  1-0

[Event "Chess.com RCC Losers"]
[Site "chess.com INT"]
[Date "2022.08.21"]
[Round "6.2"]
[White "Andreikin,D"]
[Black "Nakamura,Hi"]
[Result "1-0"]
[WhiteElo "2729"]
[BlackElo "2768"]

1.Nf3 Nf6 2.c4 e6 3.d4 d5 4.e3 c5 5.cxd5 Nxd5 6.e4 Nf6 7.Nc3 cxd4 8.Qxd4 Qxd4
9.Nxd4 a6 10.f3 b6 11.Be3 Nbd7 12.Be2 Bb7 13.Kf2 Bd6 14.Rhd1 Ke7 15.Rd2 Rac8
16.Rad1 Bb4 17.g4 Rhd8 18.g5 Nh5 19.Nb3 Bxc3 20.bxc3 e5 21.Bf1 Nf4 22.Bxf4 exf4
23.Bh3 Bc6 24.Nd4 Ba4 25.Bxd7 Bxd7 26.Ne2 Ke8 27.Rd6 b5 28.h4 a5 29.R1d2 a4
30.a3 Rc7 31.h5 Rdc8 32.Nxf4 Rb7 33.R2d3 Ke7 34.h6 g6 35.R6d5 Bc6 36.Re5+ Kf8
37.Rc5 Rbc7 38.Rd6 Ke7 39.Rf6 Ba8 40.Re5+ Kd8 41.Rxb5 Rd7 42.Ra5 Bb7 43.Ne2 Rc4
44.Rb6 Rdc7 45.Rb4 Bc8 46.Raxa4 R4c5 47.Rd4+ Ke8 48.Rd5 R5c6 49.Kg3 Be6 50.Re5 Kd7
51.Rd4+ Kc8 52.Nf4 Ba2 53.Re8+ Kb7 54.Rb4+ Ka7 55.Ne2 Bc4 56.Nd4 Ra6 57.a4 Ra5
58.Nb5+ Bxb5 59.axb5 Kb6 60.Rb8+ Ka7 61.Rh8 Kb6 62.Rxh7 Ra1 63.Kf4 Rf1 64.Rb3 Rd7
65.c4 Rc1 66.Rh8 Rh1 67.Rb8+ Kc5 68.Rc8+ Kd4 69.b6 f6 70.Kg3 Ra7 71.bxa7  1-0

[Event "Chess.com RCC Losers"]
[Site "chess.com INT"]
[Date "2022.08.21"]
[Round "6.1"]
[White "Nakamura,Hi"]
[Black "Andreikin,D"]
[Result "1/2-1/2"]
[WhiteElo "2768"]
[BlackElo "2729"]

1.Nf3 d5 2.e3 Nf6 3.c4 e6 4.b3 c5 5.Bb2 Nc6 6.cxd5 exd5 7.Bb5 Bd6 8.O-O O-O
9.d4 cxd4 10.Nxd4 Bc7 11.Nd2 Qd6 12.g3 Bh3 13.Re1 Ba5 14.Bf1 Bg4 15.Be2 Bh3
16.Nxc6 Qxc6 17.Rc1 Qe6 18.a3 Rfe8 19.b4 Bb6 20.Bf3 Rad8 21.Nb3 Ne4 22.Nd4 Qf6
23.Rc2 Qg6 24.Bh5 Qg5 25.f4 Qh6 26.Bf3 Nf6 27.Qd3 Qg6 28.Qxg6 hxg6 29.Kf2 Re7
30.a4 Ng4+ 31.Bxg4 Bxg4 32.Nb3 Bf5 33.Rd2 a6 34.a5 Ba7 35.Bd4 Bb8 36.Bb6 Rc8
37.Bc5 Rd7 38.Rc1 f6 39.Rcd1 Bg4 40.Rb1 Bf5 41.Rbb2 Kf7 42.Rd1 g5 43.Rbd2 Be4
44.Kg1 gxf4 45.exf4 g5 46.fxg5 fxg5 47.Bd4 Re7 48.Rf1+ Kg6 49.Nc5 Kh5 50.Rdf2 Kg4
51.Rf7 Bd6 52.Rxe7 Bxe7 53.Rf7 Rc7 54.Bf2 Bd6 55.Rxc7 Bxc7 56.Nxb7 Bd3 57.Nc5 Bb5
58.Kg2 Be5 59.h3+ Kf5 60.g4+ Kg6 61.Be1 d4 62.Bd2 d3 63.Kf3 Bd6 64.Ke4 Bxc5
65.bxc5 Bc6+ 66.Kxd3 Bg2 67.Ke3 Kf6 68.Kf2 Bxh3 69.Kg3 Bf1 70.c6 Bb5 71.c7 Bd7
72.Be3 Bc8 73.Kf3 Bb7+ 74.Ke2 Bc8 75.Kd3 Bxg4 76.Ke4 Ke7 77.Bxg5+ Kd7 78.Bf4 Kc8
79.Kd4 Be2 80.Kc5  1/2-1/2

[Event "Titled Tue 23rd Aug Late"]
[Site "chess.com INT"]
[Date "2022.08.23"]
[Round "2"]
[White "Nakamura,Hi"]
[Black "Graif,William"]
[Result "1-0"]
[WhiteElo "2768"]
[BlackElo "2305"]

1.g3 e5 2.Bg2 Nc6 3.c4 g6 4.Nc3 Bg7 5.e3 d6 6.Nge2 Nge7 7.O-O O-O 8.a3 Be6
9.Nd5 Qd7 10.Re1 f5 11.d3 Rae8 12.Nec3 g5 13.b4 Kh8 14.b5 Nd8 15.Bb2 h6 16.Nxe7 Qxe7
17.Nd5 Qf7 18.Qd2 c6 19.bxc6 bxc6 20.Nb4 d5 21.cxd5 cxd5 22.Rac1 f4 23.exf4 exf4
24.Bxg7+ Kxg7 25.Qb2+ Kh7 26.Qd4 f3 27.Bf1 Qg7 28.Qxg7+ Kxg7 29.d4 a5 30.Nd3 Bf5
31.Ne5 Be4 32.Rc7+ Nf7 33.Nd7 Rc8 34.Nxf8 Rxf8 35.Rc5 Ra8 36.Rec1 Kg6 37.Rb5 a4
38.Rb6+ Kh5 39.h3 Ra7 40.Rcc6 Re7 41.g4+ Kh4 42.Rxh6+ Nxh6 43.Rxh6+  1-0

[Event "Titled Tue 23rd Aug Early"]
[Site "chess.com INT"]
[Date "2022.08.23"]
[Round "8"]
[White "Boros,De"]
[Black "Nakamura,Hi"]
[Result "0-1"]
[WhiteElo "2402"]
[BlackElo "2768"]

1.e4 g6 2.d4 Bg7 3.Nf3 c6 4.h3 d5 5.e5 f6 6.c4 Be6 7.cxd5 Bxd5 8.Nc3 Bxf3
9.Qxf3 Qxd4 10.exf6 Qxf6 11.Qg4 Nd7 12.Be3 Bh6 13.O-O-O Bxe3+ 14.fxe3 Nb6
15.Bc4 Nh6 16.Qe2 Nf5 17.Rhe1 Nd6 18.Bb3 O-O-O 19.a4 Qe5 20.Qg4+ Kc7 21.Qf4 Qg7
22.a5 Nc8 23.a6 b6 24.Kb1 e5 25.Qg4 Rhf8 26.Rc1 Kb8 27.Be6 Ne7 28.Red1 Qf6
29.Bb3 Qf5+ 30.Ka2 Qxg4 31.hxg4 h5 32.Be6 hxg4 33.Bxg4 Nef5 34.Re1 b5 35.Bf3 Ne7
36.Ne4 Nxe4 37.Bxe4 Kc7 38.Rc5 Kd6 39.Rec1 Rc8 40.R1c2 Rf6 41.Bf3 Rc7 42.b4 Rf7
43.Bg4 Nd5 44.Rd2 e4 45.Kb3 Ke5 46.Rd4 Rfe7 47.g3 Rf7 48.Bh3 Kd6 49.Rxe4 Rce7
50.Rxe7 Rxe7 51.Bc8 Rxe3+ 52.Kb2 Nxb4 53.Rg5 c5 54.Rxg6+ Kc7 55.Bb7 c4 56.Rg7+ Kb6
57.Rg6+ Ka5 58.g4 Re2+ 59.Kc3 Re3+ 60.Kd4 Rd3+ 61.Ke4 c3 62.Rg8 c2 63.Rc8 Rd1
64.g5 c1=Q 65.Rxc1 Rxc1 66.Kf5 Rg1 67.g6 Nxa6 68.Bd5 Nc5 69.Kf6 b4 70.g7 Rxg7
71.Kxg7 b3 72.Kf6 b2 73.Ba2 Ne4+ 74.Ke5 Nc3  0-1

[Event "Titled Tue 23rd Aug Early"]
[Site "chess.com INT"]
[Date "2022.08.23"]
[Round "9"]
[White "Nakamura,Hi"]
[Black "Paravyan,D"]
[Result "0-1"]
[WhiteElo "2768"]
[BlackElo "2592"]

1.g3 e5 2.Bg2 d5 3.d3 Nf6 4.Bg5 Be7 5.Nc3 c6 6.e4 d4 7.Nce2 h6 8.Bd2 c5 9.f4 Nc6
10.Nf3 Bd6 11.O-O Be6 12.c3 Qb6 13.cxd4 cxd4 14.Kh1 Ng4 15.Rc1 Rd8 16.Qa4 O-O
17.b4 a6 18.a3 f6 19.Bh3 Nf2+ 20.Rxf2 Bxh3 21.f5 Bg4 22.Neg1 Rc8 23.h3 Bh5
24.g4 Bf7 25.Qd1 Na7 26.h4 Qb5 27.Rxc8 Rxc8 28.Ne1 Qe8 29.Rg2 Nb5 30.Nh3 Kf8
31.g5 hxg5 32.hxg5 Ke7 33.g6 Bg8 34.Qh5 Nxa3 35.Qh8 Qf8 36.Rh2 Nb1 37.b5 Nxd2
38.Rxd2 Rc1 39.bxa6 Rxe1+ 40.Kg2 bxa6 41.Rb2 Kd7 42.Rb7+ Kc6 43.Rxg7 Bc4
44.Rc7+ Kxc7 45.g7 Qg8 46.dxc4 Qxc4 47.g8=Q Qf1+ 48.Kg3 Re3+ 49.Kg4 Qf3+
50.Kh4 Qxh3+  0-1

[Event "Titled Tue 23rd Aug Early"]
[Site "chess.com INT"]
[Date "2022.08.23"]
[Round "10"]
[White "Nakamura,Hi"]
[Black "Belov,Vl"]
[Result "1-0"]
[WhiteElo "2768"]
[BlackElo "2598"]

1.e4 c5 2.Nc3 d6 3.f4 Nc6 4.Nf3 g6 5.Bb5 Bd7 6.O-O Bg7 7.d3 a6 8.Bxc6 Bxc6
9.Qe1 Qd7 10.f5 gxf5 11.Nh4 fxe4 12.Nxe4 O-O-O 13.Rxf7 Be5 14.Nf3 Nf6 15.Nxe5 dxe5
16.Bg5 Nxe4 17.dxe4 Qd4+ 18.Rf2 Rhg8 19.c3 Qxe4 20.Qxe4 Bxe4 21.Bxe7 Rd5
22.c4 Rd4 23.b3 b6 24.Bf6 Re8 25.Re1 Bg6 26.Bxe5 b5 27.Rf6 bxc4 28.Rc6+ Kb7
29.Rxc5 cxb3 30.axb3 Rd2 31.Rc7+ Kb6 32.Rc3 Kb5 33.Rce3 Rd3 34.Kf2 Rxe3 35.Rxe3 Bf7
36.g4 Bd5 37.Kg3 a5 38.Kf4 Rf8+ 39.Kg3 Rg8 40.Bf6 Bf7 41.Re7 Bg6 42.h3 Rb8
43.h4 Kc6 44.h5 Bc2 45.Be5 Rxb3+ 46.Kh4 Kd5 47.Bf4 a4 48.Rc7 Be4 49.Rd7+ Ke6
50.Rd4 Bb1 51.Rxa4 Rb6 52.Ra7  1-0

[Event "Titled Tue 23rd Aug Early"]
[Site "chess.com INT"]
[Date "2022.08.23"]
[Round "11"]
[White "Grandelius,N"]
[Black "Nakamura,Hi"]
[Result "0-1"]
[WhiteElo "2655"]
[BlackElo "2768"]

1.Nf3 d5 2.g3 g6 3.Bg2 Bg7 4.d4 Nd7 5.O-O Ngf6 6.a4 O-O 7.c4 c6 8.cxd5 Nxd5
9.e4 Nb4 10.a5 b6 11.axb6 Nxb6 12.h3 a5 13.Re1 c5 14.dxc5 Nd7 15.Be3 Bxb2
16.Ra4 Bb7 17.Qb3 Bg7 18.Nc3 Qc8 19.Rxa5 Rxa5 20.Qxb4 Qa8 21.Nd5 Ra4 22.Nxe7+ Kh8
23.Qb5 Nb8 24.Nd5 Rxe4 25.Nc7 Bc6 26.Nxa8 Bxb5 27.Nc7 Bc6 28.Rb1 Re7 29.Bf4 Be4
30.Rb4 Nc6 31.Rb6 Bxf3 32.Bxf3 Ne5 33.Bxe5 Rxe5 34.Nd5 Rc8 35.c6 Re6 36.Nb4 Bf8
37.Bd5 Re1+ 38.Kg2 Rb1 39.c7 Rxb4 40.Rxb4 Bxb4 41.Bxf7 Rxc7 42.Bd5 Kg7 43.Be4 Rc4  0-1

[Event "Saint Louis Rapid 2022"]
[Site "Saint Louis USA"]
[Date "2022.08.26"]
[Round "1.3"]
[White "Dominguez Perez,L"]
[Black "Nakamura,Hi"]
[Result "1-0"]
[WhiteElo "2754"]
[BlackElo "2768"]

1.e4 e5 2.Nf3 Nc6 3.Bc4 Nf6 4.d3 Bc5 5.O-O a6 6.c3 d6 7.a4 Ba7 8.Re1 O-O
9.h3 h6 10.Nbd2 Re8 11.b4 Be6 12.Bxe6 Rxe6 13.Bb2 Ne7 14.Nf1 Ng6 15.c4 c6
16.Ng3 d5 17.Bc3 d4 18.Bd2 a5 19.b5 Bc5 20.Rb1 Nd7 21.Nf5 Bf8 22.g3 Nc5 23.Bc1 cxb5
24.Rxb5 Rb6 25.h4 Rxb5 26.cxb5 Ne7 27.Nxe5 Nxf5 28.exf5 Qf6 29.Ba3 Qxf5 30.Bxc5 Bxc5
31.Nc4 f6 32.Re4 h5 33.Qe2 b6 34.Rf4 Qd5 35.Re4 Qf5 36.Re6 Kf7 37.Nd6+ Bxd6
38.Rxd6 Re8 39.Qd1 Qe5 40.Qb3+ Kg6 41.Qd5 Qe1+ 42.Kg2 Qd1 43.Rd7 Rf8 44.Qe4+ Kh6
45.Qe7 Rg8 46.Rxd4 Rc8 47.Qe3+ Kh7 48.Qe4+ Kh6 49.Qe3+ Kh7 50.Qf3 Rc1 51.Qxd1 Rxd1
52.Kf3 Rd2 53.Rd6 Kg6 54.Ke4 Ra2 55.Rxb6 Rxa4+ 56.d4 Ra1 57.Ra6 a4 58.b6 a3
59.Kd5 a2 60.b7 Rb1 61.Rxa2 Rxb7 62.Kc6 Rb4 63.d5 Kf5 64.Re2 g5 65.d6 Rc4+
66.Kd5  1-0

[Event "Saint Louis Rapid 2022"]
[Site "Saint Louis USA"]
[Date "2022.08.26"]
[Round "3.4"]
[White "Aronian,L"]
[Black "Nakamura,Hi"]
[Result "0-1"]
[WhiteElo "2775"]
[BlackElo "2768"]

1.c4 Nf6 2.Nc3 e5 3.Nf3 Nc6 4.e4 Bb4 5.d3 d6 6.Be2 a5 7.O-O Bc5 8.Nd2 Nd4
9.Nb3 Nxb3 10.axb3 Nd7 11.Kh1 Nf8 12.Na4 Ba7 13.Qe1 Bd7 14.Bd2 Ne6 15.Bxa5 Nd4
16.Bd1 O-O 17.Bd2 f5 18.b4 fxe4 19.dxe4 b5 20.cxb5 Bxb5 21.Rg1 Ne6 22.Be3 Bxe3
23.fxe3 Qd7 24.b3 Bd3 25.Bf3 Ng5 26.Qd2 Nxe4 27.Bxe4 Bxe4 28.Nc5 Qf5 29.Nxe4 Rxa1  0-1

[Event "Saint Louis Rapid 2022"]
[Site "Saint Louis USA"]
[Date "2022.08.27"]
[Round "4.3"]
[White "Nakamura,Hi"]
[Black "Vachier Lagrave,M"]
[Result "1/2-1/2"]
[WhiteElo "2768"]
[BlackElo "2757"]

1.e4 c5 2.Nf3 d6 3.d4 cxd4 4.Nxd4 Nf6 5.f3 Nc6 6.Nc3 e5 7.Nb3 Be7 8.Be3 Be6
9.Qe2 O-O 10.O-O-O h5 11.Nd5 Rc8 12.Kb1 Bxd5 13.exd5 Na5 14.Qb5 Qc7 15.Bd3 Nxb3
16.Qxb3 Nd7 17.Bf5 g6 18.Bxd7 Qxd7 19.Bxa7 b6 20.Bxb6 Rb8 21.a4 Bd8 22.a5 Bxb6
23.axb6 Rb7 24.Rhe1 Rfb8 25.Qd3 Rxb6 26.b3 Rb5 27.Kb2 Qb7 28.f4 exf4 29.Re4 Ra5
30.Rde1 Qa8 31.Qc3 Rxd5 32.Rxf4 Rc8 33.Ra4 Qb7 34.Rc4 Rdc5 35.Rxc5 dxc5 36.Qf3 Qc7
37.Qg3 Qc6 38.Qf3 Qc7 39.g3 c4 40.Qc3 Qb7 41.b4 Rb8 42.Qxc4 Qxb4+ 43.Qxb4 Rxb4+
44.Ka3 Rg4 45.Kb3 h4 46.Re3 hxg3 47.hxg3 f5 48.c4 f4 49.gxf4 Rxf4 50.c5 Kg7
51.c6 g5 52.Re8 Rf7 53.Kc4 Kf6 54.Kd5 g4 55.Re5 g3 56.Kd6 g2 57.Re1 Re7 58.Rc1 Re6+
59.Kd7 Re7+ 60.Kd6 Re6+ 61.Kd5 Re5+ 62.Kd4 Re6 63.c7 g1=Q+ 64.Rxg1 Rc6 65.Rf1+ Ke7
66.Rh1 Rxc7 67.Rh7+ Kd6 68.Rh6+ Kd7 69.Rh7+ Kd6 70.Rxc7 Kxc7  1/2-1/2

[Event "Saint Louis Rapid 2022"]
[Site "Saint Louis USA"]
[Date "2022.08.27"]
[Round "5.5"]
[White "Mamedyarov,S"]
[Black "Nakamura,Hi"]
[Result "1/2-1/2"]
[WhiteElo "2758"]
[BlackElo "2768"]

1.d4 Nf6 2.c4 e6 3.Nf3 d5 4.Nc3 c5 5.cxd5 cxd4 6.Qxd4 exd5 7.e4 dxe4 8.Qxd8+ Kxd8
9.Ng5 Be6 10.Nxe6+ fxe6 11.Bg5 Ke8 12.Bb5+ Kf7 13.O-O-O a6 14.Ba4 Bb4 15.Bxf6 gxf6
16.Nxe4 f5 17.a3 Be7 18.Nd6+ Kf6 19.Rhe1 Nc6 20.Nxb7 Rhc8 21.Kb1 Rab8 22.Nd6 Rd8
23.Nc4 Rxd1+ 24.Bxd1 Nd4 25.Ka2 Rc8 26.Bb3 Bc5 27.f4 h5 28.g3 h4 29.Ne5 Bd6
30.Bc4 a5 31.b3 hxg3 32.hxg3 Rd8 33.Re3 Bc5 34.Rd3 Rd6 35.Rd1 Nc2 36.Be2 Kg7
37.Rxd6 Bxd6 38.Nc4 Bc7 39.Kb2 Nd4 40.Bd3 Kf6 41.Ne3 Bb6 42.Nc4 Bc7 43.Kc3 Nb5+
44.Kd2 Nd6 45.Ne5 Nf7 46.Nc6 e5 47.Ke3 Bb6+ 48.Ke2 Bc7 49.Bc4 exf4 50.Bxf7 Kxf7
51.gxf4 Ke6 52.Ke3 Kd5 53.Ne7+ Ke6 54.Ng6 Bd6 55.a4 Kd5 56.Nh4 Bc5+ 57.Kd3 Bd6
58.Ke3 Bc5+ 59.Kf3 Kd4 60.Nxf5+ Kc3 61.Ke4 Kxb3 62.Kd5 Bf8 63.Nd4+ Kxa4 64.Kc4 Ka3
65.f5 Kb2 66.Kb5 Kc3 67.Ne6 Bh6 68.f6 a4 69.Kxa4 Kc4 70.f7 Kd5 71.f8=N Bxf8
72.Nxf8  1/2-1/2

[Event "Saint Louis Rapid 2022"]
[Site "Saint Louis USA"]
[Date "2022.08.27"]
[Round "6.4"]
[White "Nepomniachtchi,I"]
[Black "Nakamura,Hi"]
[Result "1/2-1/2"]
[WhiteElo "2792"]
[BlackElo "2768"]

1.d4 Nf6 2.c4 e6 3.Nf3 d5 4.g3 Be7 5.Bg2 O-O 6.O-O dxc4 7.Qc2 b5 8.a4 Bb7
9.axb5 a6 10.Nc3 axb5 11.Rxa8 Bxa8 12.Nxb5 Bd5 13.Rd1 Nc6 14.Qa4 Nd7 15.h4 Nb6
16.Qa1 Qd7 17.Nc3 f5 18.Bf4 Bd6 19.Ne5 Qe8 20.e4 fxe4 21.Nxe4 Bxe5 22.Bxe5 Nxe5
23.dxe5 Nd7 24.f4 h6 25.Qb1 Qe7 26.Kh2 Rb8 27.Qc2 Nc5 28.Nxc5 Qxc5 29.Rd2 c6
30.Re2 Qd4 31.Bxd5 cxd5 32.Qg6 Rxb2 33.Qxe6+ Kh8 34.Qc8+ Kh7 35.Qf5+ Kh8
36.Qf8+ Kh7 37.Qf5+ Kh8 38.Qf8+ Kh7 39.Qf5+ Kh8  1/2-1/2

[Event "Saint Louis Rapid 2022"]
[Site "Saint Louis USA"]
[Date "2022.08.28"]
[Round "7.4"]
[White "Nakamura,Hi"]
[Black "Shankland,S"]
[Result "0-1"]
[WhiteElo "2768"]
[BlackElo "2720"]

1.e4 e5 2.Nf3 Nc6 3.Bb5 Nf6 4.d3 Bc5 5.Bxc6 dxc6 6.O-O Bd6 7.Bg5 h6 8.Bh4 g5
9.Bg3 Bg4 10.h3 Bh5 11.Nbd2 Nd7 12.c3 Qf6 13.b4 O-O-O 14.Qe2 Kb8 15.Qe3 Nf8
16.Nh2 Ne6 17.f3 Nf4 18.Bf2 b6 19.Rfd1 c5 20.Rab1 cxb4 21.cxb4 Be7 22.Rb3 Rd4
23.a3 Rhd8 24.Ndf1 Qe6 25.Rc3 Bg6 26.Ng3 f5 27.Nhf1 fxe4 28.fxe4 h5 29.Rd2 g4
30.hxg4 hxg4 31.Rdc2 Rxd3 32.Rxd3 Nxd3 33.Rc3 Qd7 34.Rc2 c5 35.Qh6 Qe6 36.Be3 cxb4
37.axb4 Nxb4 38.Rb2 Nd3 39.Rb1 Nf4 40.Rb2 Qf6 41.Nf5 Rh8 42.Qg7 Qxg7 43.Nxg7 Bxe4
44.Ng3 Bg6 45.N7f5 Bd8 46.Bf2 Nd3 47.Re2 Nxf2 48.Rxf2 Rf8 49.Ne3 Rf4 50.Rd2 Bg5
51.Rd6 Rd4 52.Rxg6 Bxe3+ 53.Kf1 a5 54.Rxb6+ Kc7 55.Rb5 a4 56.Nf5 Rf4+ 57.Ke2 Bd4
58.Nxd4 Re4+ 59.Kf2 Rxd4 60.Rxe5 Kb6 61.Ke3 Rb4 62.Re8 Kb5 63.Kd3 a3 64.Re5+ Ka4
65.Kc2 Rb2+ 66.Kc1 Rxg2 67.Kb1 g3 68.Re3 Kb4 69.Rf3 Rg1+ 70.Ka2 Kc4 71.Rxa3 Kd4
72.Kb2 Ke4 73.Kc2 g2  0-1

[Event "Saint Louis Rapid 2022"]
[Site "Saint Louis USA"]
[Date "2022.08.28"]
[Round "8.3"]
[White "Xiong,Jeffery"]
[Black "Nakamura,Hi"]
[Result "0-1"]
[WhiteElo "2690"]
[BlackElo "2768"]

1.d4 Nf6 2.c4 g6 3.Nc3 Bg7 4.e4 d6 5.Be2 O-O 6.Be3 e5 7.d5 Na6 8.Nf3 Ng4
9.Bg5 f6 10.Bh4 h5 11.Nd2 Nh6 12.f3 Nf7 13.a3 Bh6 14.Qc2 c5 15.Bf2 Nc7 16.Bd3 Bd7
17.b4 b6 18.Rb1 f5 19.bxc5 dxc5 20.exf5 gxf5 21.O-O Qf6 22.Rbe1 Ne8 23.a4 Kh8
24.Re2 Rg8 25.a5 h4 26.Rb1 Ng7 27.axb6 axb6 28.d6 Be6 29.Rxb6 Nh5 30.Nb3 Nf4
31.Bxc5 Nxe2+ 32.Qxe2 Rab8 33.Rxb8 Rxb8 34.Nb5 h3 35.g3 Rxb5 36.cxb5 Bxb3
37.Bc4 Bxc4 38.Qxc4 Nxd6 39.Qd5 Bf8 40.f4 Ne4 41.Bxf8 exf4  0-1

[Event "Saint Louis Rapid 2022"]
[Site "Saint Louis USA"]
[Date "2022.08.28"]
[Round "9.1"]
[White "Nakamura,Hi"]
[Black "Caruana,F"]
[Result "0-1"]
[WhiteElo "2768"]
[BlackElo "2776"]

1.c4 e5 2.a3 Nf6 3.d3 c6 4.Nf3 Bd6 5.Bg5 Bc7 6.Nc3 h6 7.Bh4 d6 8.e3 O-O 9.Be2 Bf5
10.d4 Nbd7 11.O-O Re8 12.Qb3 Rb8 13.Rad1 e4 14.Nd2 g5 15.Bg3 Bg6 16.Rde1 h5
17.f3 exf3 18.Bxf3 h4 19.Bf2 Nf8 20.e4 Ne6 21.Qd1 c5 22.d5 Nd4 23.Be3 Re5
24.Be2 Qe7 25.Nf3 Nxf3+ 26.gxf3 Nh5 27.Bd3 Ba5 28.Qc1 Qf6 29.Re2 Nf4 30.Rd2 h3
31.Bf2 a6 32.a4 Ree8 33.Bb1 b5 34.cxb5 axb5 35.axb5 Bxc3 36.Qxc3 Qxc3 37.bxc3 Rxb5
38.Be3 Ra8 39.Ba2 Ra3 40.Bc4 Rb8 41.Rc1 Kg7 42.Kf2 Kf6 43.Rdc2 Ke5 44.Rg1 Kf6
45.Kg3 Ra4 46.Bf1 Nxd5 47.Bc1 Nf4 48.Bxh3 d5 49.Bg4 dxe4 50.fxe4 Rxe4 51.Rf2 Rb3
52.Bd2 Ke5 53.Bf3 Rc4 54.Re1+ Kd6 55.Rff1 Rb2 56.Rd1 Ke7 57.Rfe1+ Kf6 58.Re8 Bh5
59.Bxh5 Nxh5+ 60.Kf3 Rh4 61.Rc8 Rh3+ 62.Kg4 Rh4+ 63.Kf3 Rxh2 64.Rc6+ Kg7
65.Bxg5 Rbf2+ 66.Ke4 Ng3+ 67.Kd3 Rh5 68.Rxc5 Rf3+ 69.Kd4 Nf5+ 70.Rxf5 Rxf5
71.Bd2 Rd5+ 72.Ke4 Kh7 73.c4 Rd7 74.Ke3 Rh3+ 75.Ke2 Rh2+ 76.Ke3 f5 77.c5 f4+  0-1

[Event "Saint Louis Blitz 2022"]
[Site "Saint Louis USA"]
[Date "2022.08.29"]
[Round "1.1"]
[White "Nakamura,Hi"]
[Black "Caruana,F"]
[Result "1-0"]
[WhiteElo "2768"]
[BlackElo "2776"]

1.c4 e5 2.a3 Nc6 3.Nc3 f5 4.g3 Nf6 5.Bg2 a5 6.e3 d6 7.d4 Be7 8.Nge2 O-O 9.O-O Kh8
10.Rb1 Qe8 11.b4 axb4 12.axb4 e4 13.f3 exf3 14.Bxf3 Nd8 15.Nf4 c6 16.b5 Ne6
17.bxc6 bxc6 18.d5 Nxf4 19.exf4 c5 20.Re1 Qf7 21.Bb2 Bd7 22.Qd3 Rab8 23.Nb5 Ne4
24.Bxe4 fxe4 25.Qxe4 Rfe8 26.Qf3 Bf8 27.Rxe8 Rxe8 28.Bc3 Qg6 29.Re1 Rxe1+
30.Bxe1 Qc2 31.Nc3 Be7 32.Qd1 Qxd1 33.Nxd1 Kg8 34.Bc3 h5 35.Ne3 Kf7 36.Kg2 g5
37.Kf3 Bc8 38.Ke4 Bh3 39.Kf3 Bd8 40.Bd2 Bd7 41.Bc3 Bh3 42.f5 Bf6 43.Bxf6 Kxf6
44.g4 hxg4+ 45.Kg3 Ke5 46.Nxg4+  1-0

[Event "Saint Louis Blitz 2022"]
[Site "Saint Louis USA"]
[Date "2022.08.29"]
[Round "2.4"]
[White "Nakamura,Hi"]
[Black "Aronian,L"]
[Result "1-0"]
[WhiteElo "2768"]
[BlackElo "2775"]

1.Nf3 d5 2.e3 c5 3.b3 Nc6 4.Bb5 f6 5.c4 d4 6.b4 e5 7.bxc5 Bxc5 8.exd4 Bxd4
9.Nxd4 Qxd4 10.O-O Nh6 11.Ba3 Qxa1 12.Bxc6+ bxc6 13.Qh5+ Kd8 14.Nc3 Qxf1+
15.Kxf1 Bg4 16.Qh4 Bf5 17.Kg1 Bg6 18.f4 Nf5 19.Qf2 Nd4 20.fxe5 fxe5 21.Qh4+ Kc8
22.Qe7 Re8 23.Qxg7 Nf5 24.Qf6 Kb7 25.Ne4 Rad8 26.g4 Nd4 27.Qg7+ Kc8 28.Nd6+ Rxd6
29.Bxd6 Ne6 30.Qxa7 Rd8 31.c5 Be4 32.a4 Bd5 33.a5  1-0

[Event "Saint Louis Blitz 2022"]
[Site "Saint Louis USA"]
[Date "2022.08.29"]
[Round "3.5"]
[White "Firouzja,Alireza"]
[Black "Nakamura,Hi"]
[Result "1/2-1/2"]
[WhiteElo "2778"]
[BlackElo "2768"]

1.e4 e5 2.Nf3 Nc6 3.Bb5 Nf6 4.O-O Nxe4 5.Re1 Nd6 6.Nxe5 Be7 7.Bf1 Nxe5 8.Rxe5 O-O
9.d4 Bf6 10.Re1 Re8 11.c3 Rxe1 12.Qxe1 Nf5 13.Bf4 d6 14.Nd2 Bd7 15.Bd3 Bg5
16.Qe4 d5 17.Qe5 Bxf4 18.Qxf4 Nd6 19.Re1 f6 20.Qf3 c6 21.Qh5 g6 22.Bxg6 hxg6
23.Qxg6+ Kf8 24.Qh6+ Kf7 25.Qh7+ Kf8 26.Qh8+ Kf7 27.Qh7+ Kf8 28.Qh8+ Kf7
29.Qh7+  1/2-1/2

[Event "Saint Louis Blitz 2022"]
[Site "Saint Louis USA"]
[Date "2022.08.29"]
[Round "4.1"]
[White "Nakamura,Hi"]
[Black "Shankland,S"]
[Result "1-0"]
[WhiteElo "2768"]
[BlackElo "2720"]

1.Nf3 Nf6 2.e3 c5 3.b3 g6 4.Bb2 Bg7 5.g3 O-O 6.Bg2 d5 7.O-O Nc6 8.Ne5 Nxe5
9.Bxe5 Be6 10.d3 Qd7 11.Re1 Bh3 12.Bh1 h5 13.Nd2 Rad8 14.Qe2 Rfe8 15.Rad1 h4
16.e4 hxg3 17.hxg3 Bg4 18.f3 Be6 19.Bg2 Bh6 20.Nf1 Nh5 21.Bb2 dxe4 22.dxe4 Qc7
23.f4 c4 24.Bd4 b5 25.Bf3 Nf6 26.b4 c3 27.a3 Bg7 28.Qxb5 Bg4 29.Nh2 Bxf3
30.Nxf3 Qc8 31.Qe2 Qg4 32.Qg2 Nh5 33.Bxg7 Kxg7 34.Kf2 Rd6 35.e5 Rxd1 36.Rxd1 Rh8
37.Rd3 Qf5 38.Nd4 Qg4 39.Ne2 f6 40.Re3 Kf7 41.Qd5+ Kg7 42.exf6+ Nxf6 43.Rxe7+ Kh6
44.Qh1+ Nh5 45.Qf3 Qh3 46.Qg2 Qg4 47.Qb7 Nf6 48.Rf7 Re8 49.Qh1+ Nh5 50.Qf3 Qh3
51.Nd4 Rd8 52.Qe3 Qh2+ 53.Ke1 Nxg3 54.f5+ g5 55.Qe6+ Kh5 56.Rh7+  1-0

[Event "Saint Louis Blitz 2022"]
[Site "Saint Louis USA"]
[Date "2022.08.29"]
[Round "5.3"]
[White "Mamedyarov,S"]
[Black "Nakamura,Hi"]
[Result "1/2-1/2"]
[WhiteElo "2758"]
[BlackElo "2768"]

1.d4 Nf6 2.c4 e6 3.Nf3 d5 4.Nc3 Be7 5.Bf4 O-O 6.e3 Nbd7 7.a3 c5 8.cxd5 Nxd5
9.Nxd5 exd5 10.dxc5 Nxc5 11.Be2 Bf6 12.Be5 Bf5 13.O-O Be4 14.Bxf6 Qxf6 15.Rc1 Ne6
16.Nd4 Rac8 17.Qd2 Nxd4 18.Qxd4 Qxd4 19.exd4 Rfd8 20.f3 Bc2 21.Kf2 Kf8 22.Ke3 Ke7
23.Kd2 Bf5 24.Bd3 Bxd3 25.Kxd3 Kd6 26.Rfe1 Rxc1 27.Rxc1 Re8 28.a4 a5 29.Kd2 b6
30.Re1 Rxe1 31.Kxe1 Ke6 32.g4 g5 33.Kf2 f6 34.Ke3 h6 35.Kf2 Ke7 36.Ke3 Ke6
37.Kf2 Ke7 38.Ke3 Ke6  1/2-1/2

[Event "Saint Louis Blitz 2022"]
[Site "Saint Louis USA"]
[Date "2022.08.29"]
[Round "6.2"]
[White "Nakamura,Hi"]
[Black "Vachier Lagrave,M"]
[Result "1-0"]
[WhiteElo "2768"]
[BlackElo "2757"]

1.Nf3 c5 2.e4 d6 3.d4 cxd4 4.Nxd4 Nf6 5.f3 Nc6 6.Nc3 e5 7.Nb3 Be6 8.Be3 d5
9.exd5 Nxd5 10.Nxd5 Qxd5 11.Qxd5 Bxd5 12.O-O-O O-O-O 13.Bd3 Kc7 14.c3 Be7
15.Rhe1 h5 16.Kc2 h4 17.Nd2 Be6 18.Ne4 b6 19.b3 f6 20.Nf2 g5 21.Be4 Rxd1
22.Nxd1 Nb8 23.Bc1 f5 24.Bd3 Nd7 25.h3 Rf8 26.Ne3 Nc5 27.Bc4 Bxc4 28.Nxc4 e4
29.fxe4 Nxe4 30.Nd2 Kd7 31.Nxe4 fxe4 32.Re2 Rf1 33.a4 Bf6 34.Bd2 Rg1 35.Be3 Ra1
36.Bc1 Bxc3 37.Rxe4 Bf6 38.Rg4 Kc6 39.Bxg5 Ra2+ 40.Kd3 Bxg5 41.Rxg5 a5 42.Rg4 Kc5
43.Rg5+ Kc6 44.Rg4 Kc5 45.g3 hxg3 46.Rxg3 b5 47.Rg5+ Kc6 48.Rxb5  1-0

[Event "Saint Louis Blitz 2022"]
[Site "Saint Louis USA"]
[Date "2022.08.29"]
[Round "7.1"]
[White "Dominguez Perez,L"]
[Black "Nakamura,Hi"]
[Result "0-1"]
[WhiteElo "2754"]
[BlackElo "2768"]

1.e4 e5 2.Nf3 Nc6 3.Bb5 Nf6 4.d3 Bc5 5.c3 O-O 6.O-O d5 7.Nbd2 dxe4 8.dxe4 a5
9.a4 Qe7 10.h3 Nb8 11.Re1 c6 12.Bf1 Bd6 13.Nc4 Bc7 14.b4 Rd8 15.Bd2 axb4
16.cxb4 Ne8 17.Qc2 f6 18.Reb1 Nd6 19.Be3 Nxc4 20.Bxc4+ Be6 21.Nd2 Nd7 22.b5 Rdc8
23.bxc6 bxc6 24.Rb7 Qe8 25.Qb3 Nf8 26.Bxe6+ Qxe6 27.Qxe6+ Nxe6 28.Nc4 Ra6
29.a5 c5 30.g3 Kf8 31.Nb6 Bxb6 32.Rxb6 Rxb6 33.axb6 Ke7 34.f4 Kd6 35.Kf2 Rb8
36.f5 Nf8 37.Ra7  0-1

[Event "Saint Louis Blitz 2022"]
[Site "Saint Louis USA"]
[Date "2022.08.29"]
[Round "8.4"]
[White "Nakamura,Hi"]
[Black "Nepomniachtchi,I"]
[Result "1/2-1/2"]
[WhiteElo "2768"]
[BlackElo "2792"]

1.c4 e5 2.a3 c6 3.d4 exd4 4.Nf3 d5 5.Nxd4 Nf6 6.cxd5 Nxd5 7.e4 Nf6 8.f3 Bc5
9.Be3 O-O 10.Nc3 Re8 11.Nc2 Qe7 12.Bxc5 Qxc5 13.Qd4 Qg5 14.Qe3 Qg6 15.O-O-O Nbd7
16.g4 Nb6 17.Bd3 Be6 18.h4 Nfd7 19.e5 f5 20.Nd4 Nc4 21.Bxc4 Bxc4 22.gxf5 Qh5
23.e6 Nf6 24.Ne4 c5 25.Nxc5 Rac8 26.Ne4 Bxe6+ 27.Kd2 Bxf5 28.Nxf6+ gxf6 29.Qf4 Bg6
30.Rc1 Rcd8 31.Rc4 Qd5 32.Kc3 b5 33.Rc7 a5 34.b4 axb4+ 35.axb4 Ra8 36.Qxf6 Ra3+
37.Kd2 Ra2+ 38.Kd1 Ra1+ 39.Kd2 Ra2+ 40.Kd1 Ra1+ 41.Kd2 Qa2+ 42.Nc2 Qd5+ 43.Nd4 Ra2+  1/2-1/2